| 000 | 01149nam a2200253 a 4500 | ||
|---|---|---|---|
| 001 | 49158 | ||
| 003 | BD-RjUL | ||
| 005 | 20211209054636.0 | ||
| 008 | 160818s1975 ii ||||| |||| 00| 0 ben d | ||
| 020 | _c: IRs.40.00 | ||
| 035 | _a(BD-RjUL)49277 | ||
| 040 |
_aBD-RjUL _bben _cBD-RjUL _dBD-RjUL |
||
| 041 | _aben | ||
| 082 |
_223 _a891.4408 _bTAT 1976 |
||
| 100 | 1 |
_aতারাশঙ্কর _9147792 |
|
| 245 | 1 | 0 |
_aতারাশঙ্করের গল্পগুচ্ছ : _bজীবনী ও সাহিত্য-আলোচনা সহ / _cতারাশঙ্কর, সম্পাদনা : জগদীশ ভট্টাচার্য |
| 260 |
_aকলিকাতা : _bসাহিত্য সংসদ, _c১৯৭৫ |
||
| 300 |
_aখণ্ড ; _c২৩ সেমি. |
||
| 505 | 0 | _a খন্ড. ১. -- খন্ড ২ -- খণ্ড ৩ -- | |
| 650 |
_aবাংলা সাহিত্য _vরচনা সমূহ _9122719 |
||
| 650 |
_aBengali literature _vCollected work _9122720 |
||
| 700 |
_aভট্টাচার্য, জগদীশ : সম্পাদনা _9147793 |
||
| 942 |
_2ddc _cBK _01 |
||
| 999 |
_c49158 _d49158 |
||